Normal view
MARC view
- Bellany, PL
Entry Personal Name
001 - CONTROL NUMBER
- control field: 6928
003 - CONTROL NUMBER IDENTIFIER
- control field: OSt
005 - DATE AND TIME OF LATEST TRANSACTION
- control field: 20250113143329.0
008 - FIXED-LENGTH DATA ELEMENTS
- fixed length control field: 250113|| aca||aabn | a|a d
040 ## - CATALOGING SOURCE
- Original cataloging agency: OSt
- Transcribing agency: OSt
100 ## - HEADING--PERSONAL NAME
- Personal name: Bellany, PL
670 ## - SOURCE DATA FOUND
- Source citation: Work cat.: (OSt)19022: Bellany, PL, Thermal Engineering (Heat Engines):, 1985.
